Fussballteams anhand der Nationalitäten der Spieler erkennen - 2023 - Statistiken

Allgemein
  • Dieses Quiz wurde 1.479 mal gespielt
  • Das Durchschnittsergebnis liegt bei 8 aus 10
Antwortstatistiken
Bildquiz Antwort % Korrekt
PSG - Paris Saint Germain
93%
FC Liverpool
91%
Bayer 04 Leverkusen
90%
Atlético Madrid
84%
Ajax Amsterdam
80%
FC Porto
70%
Newcastle United F.C.
69%
al-Hilal
68%
RB Leipzig
61%
AS Rom
46%
Keine übereinstimmenden Quizze gefunden
Verteilung der Resultate
Anzahl Personen mit jedem Resultat
Perzentil nach korrekt beantworteten Fragen
Ihre Resultats-Entwicklung
Sie haben dieses Quiz noch nicht gespielt